Polychlórované dibenzodioxíny a dibenzofurány (PCDD a PCDF) - výskyt v prostredí a v ľudskej populácii a možnosti biologického rozkladu bakalárska práca

Saved in:
Bibliographic Details
Main Author: Kobylinská, Ivana
Format: Book
Language:Slovak
Published: Bratislava STU FCHPT 2015
Online Access:View in OPAC
Tags: Add Tag
No Tags, Be the first to tag this record!

MARC

LEADER 00000nam a2200000 a 4500
005 20260127134258.0
008 151104 2015 000 0 slo d
035 |a vtls011134455 
039 9 |y 201511041109  |z mschk03 
040 |a STUSCHK1  |b slo  |c STUSCHK1  |e AACR2 
100 1 |a Kobylinská, Ivana 
245 1 |a Polychlórované dibenzodioxíny a dibenzofurány (PCDD a PCDF) - výskyt v prostredí a v ľudskej populácii a možnosti biologického rozkladu  |b bakalárska práca  |c Ivana Kobylinská 
260 |a Bratislava  |b STU FCHPT  |c 2015 
300 |a 53 s.  |b il.  |c 25 cm 
500 |a Študijný program: biotechnológia a potravinárska technológia 
500 |a Študijný odbor: biotechnologie 
500 |a Školiace pracovisko: Odd. biochemickej technológie 
500 |a Evid. číslo: FCHPT-13567-60043 
910 |a SCHK95 
999 |c 8611  |d 8611